000 00411pab a2200145 454500
008 180718b1998 xxu||||| |||| 00| 0 eng d
100 _aKhan, Sami A.
245 _aTransformation of human resource management: dimensions in the twenty-first century
260 _c1998
300 _ap.105-17
362 _aJan-Jun
650 _aHuman resources development
773 _aManagement and Change
909 _a38086
999 _c38086
_d38086